| 000 | 00602nam a22002057a 4500 | ||
|---|---|---|---|
| 005 | 20240730115547.0 | ||
| 010 | _aENG-141077 | ||
| 020 |
_a9788187770060 _c750.00 |
||
| 035 | _aEN-124609 | ||
| 037 | _bDBAD | ||
| 082 | _a320 | ||
| 100 |
_aMohan Saumitra _969072 |
||
| 245 |
_aIndia Unleashed Problems and Prospects/ _bSaumitra Mohan |
||
| 260 |
_aAllahabad _bAnamika Prakashani _c2009 |
||
| 270 |
_a98/52 Tularambagh, _bAllahabad _e211006 |
||
| 300 |
_a358p. _c22cm (pbk) |
||
| 650 |
_aBiography _969073 |
||
| 700 |
_aGore, Madhav Sadashiv _910217 |
||
| 942 |
_2ddc _cEN _h320 _mMOH |
||
| 999 |
_c204620 _d204620 |
||